| 000 | 00557nam a2200193Ia 4500 | ||
|---|---|---|---|
| 005 | 20250508163559.0 | ||
| 008 | 008 250505s9999 xx 000 0 hin d | ||
| 037 | _aDissertations | ||
| 040 |
_aFEDL _beng _cFEDL |
||
| 041 |
_ahin _2eng |
||
| 084 |
_a375.32, SAV/DI _qFEDL |
||
| 100 | _aSavitri | ||
| 245 | 0 | _aPlus 2 ster par rajniti vigyan mein addhigum ki samassayon ka addhyan | |
| 260 | _c1998 | ||
| 300 | _a103p. | ||
| 546 | _aM.Ed. Dissertation (Delhi University) | ||
| 942 |
_cDIS _h375.32, SAV/DI |
||
| 999 |
_c1384193 _d1384193 |
||